000
00256nam a22001217a 4500
008
181023b xxu||||| |||| 00| 0 eng d
041
_a
eng
080
_a
336
100
_a
52
101
_a
KON
245
_a
Payroll..accouting
_c
Toland.B
942
_2
udc
_c
BK
999
_c
50601
_d
50601